Cultural proficiency :manual school leaders (Record no. 23985)

MARC details
000 -LEADER
fixed length control field 00729nam a22002417a 4500
003 - CONTROL NUMBER IDENTIFIER
control field OSt
005 - DATE AND TIME OF LATEST TRANSACTION
control field 20260611144540.0
008 - FIXED-LENGTH DATA ELEMENTS--GENERAL INFORMATION
fixed length control field 260611b |||||||| |||| 00| 0 eng d
020 ## - INTERNATIONAL STANDARD BOOK NUMBER
International Standard Book Number 9781412963626
040 ## - CATALOGING SOURCE
Transcribing agency Chuka university library
050 ## - LIBRARY OF CONGRESS CALL NUMBER
Classification number LC 1099.3
Item number .C8 2009
100 ## - MAIN ENTRY--PERSONAL NAME
Personal name Lindsey, Randall B
9 (RLIN) 28571
245 ## - TITLE STATEMENT
Title Cultural proficiency :manual school leaders
250 ## - EDITION STATEMENT
Edition statement 3rd Ed
260 ## - PUBLICATION, DISTRIBUTION, ETC.
Place of publication, distribution, etc. New delhi
Name of publisher, distributor, etc. corwin
Date of publication, distribution, etc. 2009
300 ## - PHYSICAL DESCRIPTION
Extent xx 318pp
650 ## - SUBJECT ADDED ENTRY--TOPICAL TERM
Topical term or geographic name entry element multicultura education-united states
9 (RLIN) 28572
650 ## - SUBJECT ADDED ENTRY--TOPICAL TERM
Topical term or geographic name entry element education- political aspects
9 (RLIN) 28573
650 ## - SUBJECT ADDED ENTRY--TOPICAL TERM
Topical term or geographic name entry element Academic achievement- united states
9 (RLIN) 27676
700 ## - ADDED ENTRY--PERSONAL NAME
Personal name Robins, kikanza
9 (RLIN) 28574
700 ## - ADDED ENTRY--PERSONAL NAME
Personal name Terrell, Raymond
9 (RLIN) 28575
942 ## - ADDED ENTRY ELEMENTS (KOHA)
Source of classification or shelving scheme Library of Congress Classification
Koha item type Long Loan Books
Suppress in OPAC No
Holdings
Withdrawn status Lost status Source of classification or shelving scheme Damaged status Not for loan Collection Home library Current library Shelving location Date acquired Source of acquisition Cost, normal purchase price Total Checkouts Full call number Barcode Date last seen Price effective from Koha item type
    Library of Congress Classification     General Collection Books Main Campus Library Main Campus Library General Stacks 11/06/2026 Donations from Books for Africa 1395.15   LC 1099.3 .C3 2009 34072/2026 11/06/2026 11/06/2026 Long Loan Books

Powered by Koha